| 000 | 00941cab a2200241 4500 | ||
|---|---|---|---|
| 001 | ABS36556 | ||
| 008 | 090401t1986 xxu||||| |||| 00| 0 eng d | ||
| 035 | _a(Sirsi) u85616 | ||
| 041 | _aeng | ||
| 100 | _aBerry, J. | ||
| 245 | _aTaper beams for long office spans | ||
| 260 | _c1986 | ||
| 350 | _a0 | ||
| 490 |
_aArchitects` Journal _v184(40) 1 October 1986, 65-77(8) |
||
| 520 | _aDemand for column-free space in offices has led to a search for new structural systems that can provide long spans while accommodating increasing services. Fabricated steel taper beams are a promising option. This article looks at the manufacture of taper beams, their structural efficiency and at their cost effectiveness. | ||
| 650 | _aBUILT ENVIRONMENT-CONSTRUCTION DESIGN | ||
| 650 | _aDEALING FLOORS | ||
| 690 | _aBUILT ENVIRONMENT-CONSTRUCTION DESIGN | ||
| 700 | _aGlover, M. | ||
| 700 | _aTodd, A. | ||
| 942 | _n0 | ||
| 948 | _c04/03/1997 | ||
| 999 |
_c53841 _d53841 |
||